Ladislav Novomeský 1904-1974 : zborník na 70. narodeniny národného umelca Dr. h.c. Ladislava Novomeského, čestného predsedu Matice slovenskej

Bibliographic Details
Other Authors: Rosenbaum, Karol, 1920-2001 (Compiler, Author of introduction, etc., Writer of accompanying material)
Format: Book
Language:Slovak
PhysicalDescription:244, [4] s., 20 s. fot. príl. 8°
Published: Martin Matica slovenská 1974
Edition:1. vyd.
Series:Biographica Monografie
Subjects:

MARC

LEADER 00000cam a2200000 a 4500
001 vtls008349830
003 SK-MaSNL
005 20260301044857.0
008 230501s1974 xo 000 0dslo
015 |a SNBA1974/11-02984 
020 |q (brož.) 
035 |a SK01SNK19740042047 
035 |a 62FCAC29-8456-495A-B5D2-744764A5E630 
035 |a urn:nbn:sk:snk-am00ihp7 
035 |a SKM000044510 
040 |a SNK  |b slo  |c SNK  |e AACR2 
041 0 |a slo 
044 |a xo  |c SK 
080 |a 82:929:885.4(081)  |2 1981 
080 |a 885.4(081)  |2 1981 
080 |a 929 Novomeský, Ladislav  |2 1981 
245 0 0 |a Ladislav Novomeský  |b 1904-1974 : zborník na 70. narodeniny národného umelca Dr. h.c. Ladislava Novomeského, čestného predsedu Matice slovenskej  |c zostavil, úvod a poznámky napísal Karol Rosenbaum 
250 |a 1. vyd. 
260 |a Martin  |b Matica slovenská  |c 1974  |e Martin  |f Tlačiarne SNP 
300 |a 244, [4] s., 20 s. fot. príl.  |c 8° 
366 |e 1500 výtl. 
490 1 |a Biographica. Monografie  |v zv. 5 
500 |a Biografické kalendárium 
600 1 7 |a Novomeský, Ladislav,  |d 1904-1976  |2 SNKMA  |9 75208 
655 7 |a zborníky  |2 SNKPH  |9 70165 
655 7 |a jubilejné publikácie  |2 SNKPH  |9 70339 
700 1 |a Rosenbaum, Karol,  |d 1920-2001  |4 com  |4 aui  |4 wam  |9 103255 
830 0 |a Biographica  |p Monografie  |9 352050 
852 |a Slovenská národná knižnica 
954 |a odborná, vedecká literatúra pôvodná (slovenská)  |2 lita 
958 |a OND 
958 |a RK 
958 |a BX 
958 |a ZB 
958 |a LX 
958 |a AZ 
958 |a AU 
958 |a EUIPO 
999 |c 596999  |d 598929 
952 |a SNK  |b SNK  |y PREZ  |7 0  |p 17A0974276  |o snkSC 35111  |i snkKSP 7583/74  |0 0  |1 0  |4 0  |d 2012-10-16  |f 1  |l 0  |r 2025-10-03 00:00:00  |w 2026-02-23 
952 |a SNK  |b SNK  |y VYP  |7 0  |p 17A0127503  |o snkSC 35111 D1  |0 0  |1 0  |4 0  |d 1998-03-06  |l 0  |r 2005-01-02 00:00:00  |w 2026-02-23